000 00697nam a2200217Ia 4500
005 20250508165201.0
008 008 250505s9999 xx 000 0 eng d
020 _a978-0-415-93300-1
037 _aTextBook
040 _aFEDL
_beng
_cFEDL
041 _aeng
_2eng
084 _a370.115, GIR/R
_qFEDL
100 _aGiroux Henry A
_9141269
245 0 _aSchooling and the struggle for public life: Democracy's promise and education's challenge
260 _aLondon, UK
_bParadigm Publishers
_c2005
300 _axxxviii, 254p.
365 _aGBP
_b23.99
490 _aCultural Politics and the Promise of Democracy
942 _cTB
_h370.115, GIR/R
999 _c1393642
_d1393642